Distribúcia nábytku a bytových doplnkov firmy Peter Galan - Nábytok Galan diplomová práca

Saved in:
Bibliographic Details
Main Author: Piterková, Júlia
Corporate Author: Obchodná fakulta EU. Katedra marketingu
Other Authors: Daňo, Ferdinand, 1959-
Format: Book
Language:Slovak
Published: Bratislava 2009
Tags: Add Tag
No Tags, Be the first to tag this record!

MARC

LEADER 00000nam$a2200000$$$4500
001 0098014
005 20240318135330.9
041 0 |a slo 
044 |a SK 
245 1 0 |a Distribúcia nábytku a bytových doplnkov firmy Peter Galan - Nábytok Galan  |b diplomová práca  |c Júlia Piterková ; škol. Ferdinand Daňo 
264 1 |a Bratislava  |c 2009 
300 |a 95 s. 
100 1 |a Piterková, Júlia 
700 1 |a Daňo, Ferdinand, 1959- 
710 2 |a Obchodná fakulta EU. Katedra marketingu